Quiz Mystère #3 - Statistiques

Statistiques générales
  • Ce quiz a été pris 46 fois
  • Le résultat moyen est 9 sur 28
Statistiques - réponses
Question Réponse % Correct
Organisation créée en 1949 entre l'Europe et l'Amérique du Nord OTAN
80%
Astana et Almaty en villes principales Kazakhstan
70%
A Bichkek pour capitale Kirghizistan
70%
Tachkent pour capitale Ouzbékistan
70%
Chanteuse ex-épouse de Johnny Hallyday Sylvie Vartan
65%
Abréviation de Transport en commun de l'Agglo Nantaise En TAN
53%
Y'a Hyderabad en Inde mais aussi un autre au Pakistan
53%
Ville du Maroc, capitale de la province éponyme Tan-Tan
53%
1er mot du titre de chanson de Renaud et Axelle Red Manhattan
50%
Cette dernière est associée avec la capitale de quel pays Afghanistan
48%
Imagine une douche en forme de B pour te situe dans ce pays Tadjikistan
48%
Synonyme de finition pour un mot Terminaison
48%
A pour frontière l'Inde et la Chine seulement Bhoutan
45%
Commun a Oman et Bruneï Sultan
45%
Pays ayant la Porte de l'Enfer comme principal attraction Turkménistan
43%
Imposteur qui exploite la crédulité publique Charlatan
15%
Un des astres de Saturne Titan
15%
Homme de la forêt en malais Orang-outan
13%
Prénom de l'auteur du quiz, commun a Corbière ou Klingsor Tristan
10%
Peut être Iranien, Syrien, Irakien et/ou Turc Kurdistan
8%
Ses enfants sont Moon-Boy, Damien Thorn, Daimon Hellstrom Satan
8%
Chanson de Garou en 5 lettreS Gitan
5%
36150 c'est le code postal de cette ville de l'Indre Vatan
5%
Troisième ville la plus peuplée de l'Orne après Alençon et Flers Argentan
3%
Province fédérées de ce dernier pays dont la capitale est Quetta Baloutchistan
0%
Antonyme de Canada, dont le début du mot correspond a de nombreuses équipe de hockey Canuckistan
0%
Île des Philippines proche des Cébu Mactan
0%
Ville du Gers à 50 kilomètre environ de Toulouse Samatan
0%
Aucun quiz correspondant
Distribution des résultats
% des personnes avec chaque résultat
Percentile par nombre de réponses
Votre historique - résultats
Vous n’avez pas pris ce quiz